Kariera klubowa Jakuba Modera - Statystyki

Ogólne statystyki
  • Ten quiz został rozwiązany 350 razy
  • Średni wynik to 4 z 5
Statystyki odpowiedzi
Lata gry Klub % Poprawnych
2020 - obecnie Brighton
97%
2016 - 2020 Lech II Poznań
92%
2018 - 2020 Lech Poznań
92%
2020 Lech Poznań
92%
2018 - 2019 Odra Opole
23%
Nie znaleziono quizów pasujących do podanych kryteriów
Rozkład punktacji
Procent ludzi z każdym wynikiem
Percentyl według liczby udzielonych odpowiedzi
Twoja historia wyników
Nie rozwiązałeś tego quizu